Waging business warfare : Lessons from the military masters in achieving corporate superiority

Сохранить в:
Библиографические подробности
Главный автор: Rogers, David J.
Формат:
Язык:Undetermined
Опубликовано: New York Charles Scribner's sons 1987
Предметы:
Метки: Добавить метку
Нет меток, Требуется 1-ая метка записи!
Thư viện lưu trữ: Trung tâm Học liệu Trường Đại học Cần Thơ
LEADER 00554nam a2200193Ia 4500
001 CTU_85290
008 210402s9999 xx 000 0 und d
082 |a 658.4 
082 |b R722 
100 |a Rogers, David J. 
245 0 |a Waging business warfare : 
245 0 |b Lessons from the military masters in achieving corporate superiority 
245 0 |c David J. Rogers 
260 |a New York 
260 |b Charles Scribner's sons 
260 |c 1987 
650 |a Management 
904 |i Năm 
980 |a Trung tâm Học liệu Trường Đại học Cần Thơ